Reforma vysokých škôl - katalyzátor rastu konkurencieschopnosti slovenskej ekonomiky
Konkurencieschopnosť ako strategický fenomén úspechu ekonomiky. Postavenie a význam vysokých škôl v podpore konkurencieschopnosti. Súčasné postavenie a úlohy slovenských vysokých škôl. Kvalita vysokých škôl a vplyv financovania na jej zvyšovanie. Manažment vysokých škôl.
Saved in:
| Main Author: | |
|---|---|
| Other Authors: | |
| Format: | Book Chapter |
| Language: | Slovak |
| Subjects: | |
| Tags: |
No Tags, Be the first to tag this record!
|
MARC
| LEADER | 00000naa$a2200000$$$4500 | ||
|---|---|---|---|
| 001 | 0102551 | ||
| 005 | 20240502072119.9 | ||
| 041 | 0 | |a slo | |
| 044 | |a SK | ||
| 245 | 1 | 0 | |a Reforma vysokých škôl - katalyzátor rastu konkurencieschopnosti slovenskej ekonomiky |c Peter Baláž, Stanislav Zábojník |
| 520 | |a Konkurencieschopnosť ako strategický fenomén úspechu ekonomiky. Postavenie a význam vysokých škôl v podpore konkurencieschopnosti. Súčasné postavenie a úlohy slovenských vysokých škôl. Kvalita vysokých škôl a vplyv financovania na jej zvyšovanie. Manažment vysokých škôl. | ||
| 610 | 2 | 0 | |a vzdelávanie vysokoškolské |
| 610 | 2 | 0 | |a reformy |
| 610 | 2 | 0 | |a konkurencieschopnosť |
| 610 | 2 | 0 | |a manažment |
| 610 | 2 | 0 | |a kvalita |
| 610 | 2 | 0 | |a financovanie |
| 610 | 2 | 0 | |a hospodárstvo národné |
| 610 | 2 | 0 | |a Slovensko |
| 100 | 1 | |a Baláž, Peter | |
| 700 | 1 | |a Zábojník, Stanislav, 1984- | |